MARC details
| 000 -LEADER |
| campo de control de longitud fija |
02587cam a22003975i 4500 |
| 001 - NÚMERO DE CONTROL |
| campo de control |
18462077 |
| 005 - FECHA Y HORA DE LA ÚLTIMA TRANSACCIÓN |
| campo de control |
20220326193332.0 |
| 008 - DATOS DE LONGITUD FIJA--INFORMACIÓN GENERAL |
| campo de control de longitud fija |
141010s2014 pe 000 0 spa |
| 010 ## - NÚMERO DE CONTROL DE LA BIBLIOTECA DEL CONGRESO |
| Número de control de LC |
2014422990 |
| 020 ## - NÚMERO INTERNACIONAL ESTÁNDAR DEL LIBRO |
| Número Internacional Estándar del Libro |
9786124092251 |
| 020 ## - NÚMERO INTERNACIONAL ESTÁNDAR DEL LIBRO |
| Número Internacional Estándar del Libro |
6124092255 |
| 035 ## - NÚMERO DE CONTROL DEL SISTEMA |
| Número de control de sistema |
(CVcHKB)hkb2001088468 |
| 040 ## - FUENTE DE CATALOGACIÓN |
| Centro catalogador/agencia de origen |
DLC |
| Lengua de catalogación |
eng |
| Centro/agencia transcriptor |
DLC |
| Normas de descripción |
rda |
| 042 ## - CÓDIGO DE AUTENTICACIÓN |
| Código de autenticación |
pcc |
| 043 ## - CÓDIGO DE ÁREA GEOGRÁFICA |
| Código de área geográfica |
s-pe--- |
| 082 ## - NÚMERO DE LA CLASIFICACIÓN DECIMAL DEWEY |
| Número de clasificación |
708 |
| Número de ítem |
B412l |
| 100 1# - ENTRADA PRINCIPAL--NOMBRE DE PERSONA |
| Nombre de persona |
Bedoya, Luz María, |
| Fechas asociadas al nombre |
1969- |
| Término indicativo de función/relación |
artist. |
| 9 (RLIN) |
3223 |
| 245 10 - MENCIÓN DEL TÍTULO |
| Título |
Líneas, palabras, cosas : |
| Resto del título |
Luz María Bedoya : Galería Germán Krüger Espantoso, del 16 de abril al 1 de junio de 2014 / |
| Mención de responsabilidad, etc. |
[curador : Miguel A. López]. |
| 250 ## - MENCION DE EDICION |
| Mención de edición |
1a. edición. |
| 300 ## - DESCRIPCIÓN FÍSICA |
| Extensión |
144 págs. : |
| Otras características físicas |
ill. ; |
| Dimensiones |
29 cm |
| 500 ## - NOTA GENERAL |
| Nota general |
Catalog of an exhibition held April 16 - June 1, 2014 at Galería Germán Krüger Espantoso, in Lima. |
| 504 ## - NOTA DE BIBLIOGRAFÍA, ETC. |
| Nota de bibliografía, etc. |
Includes bibliographical references (page 141). |
| 505 8# - NOTA DE CONTENIDO CON FORMATO |
| Nota de contenido con formato |
Presentaciones / Germán Krüger Espantoso, Fernando Torres Quirós -- La mínima habla = Minimal speech / Miguel A. López -- De un punto ciego a línea[s] [in] visibles = From a blind spot to [in] visible line [s] / Dorota Biczel -- Un haz de líneas que incide en lo contingente = A beam of light striking the continent / Jorge Villacorta -- Obras -- Selección de exposiciones. |
| 520 ## - RESUMEN, ETC. |
| Sumario, etc. |
Within the framework of the 2nd Biennial of Photography of Lima, photographer Luz Mara Bedoya (b. Talara, Peru 1969) presents an anthological exhibition of her last 20 years artwork, "a body of work that began in 1990, with proposals made in the photographic medium, and then expanded into assemblage, sculptural objects, installations, drawing (random, footage), video art (single-channel video projection, video installation and video performance), text (written, printed on page and qualified) and sound art (recording of audio, experiments by way of oral poetry, distorted recording); while never leaving photography completely aside." |
| 546 ## - NOTA DE IDIOMA |
| Nota de lengua/lenguaje |
In Spanish and English. |
| 600 10 - PUNTO DE ACCESO ADICIONAL DE MATERIA--NOMBRE DE PERSONA |
| Nombre de persona |
Bedoya, Luz María, |
| Fechas asociadas al nombre |
1969- |
| Subdivisión de forma |
Exhibitions. |
| 9 (RLIN) |
3224 |
| 650 #0 - PUNTO DE ACCESO ADICIONAL DE MATERIA--TÉRMINO DE MATERIA |
| Término de materia o nombre geográfico como elemento de entrada |
Art, Peruvian |
| Subdivisión cronológica |
21st century |
| Subdivisión de forma |
Exhibitions. |
| 9 (RLIN) |
3225 |
| 650 #0 - PUNTO DE ACCESO ADICIONAL DE MATERIA--TÉRMINO DE MATERIA |
| Término de materia o nombre geográfico como elemento de entrada |
Arte Peruano |
| Subdivisión cronológica |
Siglo 21 |
| Subdivisión de forma |
Exhibiciones |
| 9 (RLIN) |
3226 |
| 650 #0 - PUNTO DE ACCESO ADICIONAL DE MATERIA--TÉRMINO DE MATERIA |
| Término de materia o nombre geográfico como elemento de entrada |
Instalaciones (Arte) |
| Subdivisión cronológica |
Siglo 21 |
| 9 (RLIN) |
3227 |
| 650 #0 - PUNTO DE ACCESO ADICIONAL DE MATERIA--TÉRMINO DE MATERIA |
| Término de materia o nombre geográfico como elemento de entrada |
Installations (Art) |
| Subdivisión cronológica |
21st century |
| Subdivisión de forma |
Exhibitions. |
| 9 (RLIN) |
3228 |
| 700 1# - ENTRADA AGREGADA--NOMBRE PERSONAL |
| Nombre de persona |
López, Miguel A., |
| Fechas asociadas al nombre |
1983- |
| Término indicativo de función/relación |
curador |
| 9 (RLIN) |
3229 |
| 710 2# - ENTRADA AGREGADA--NOMBRE DE ENTIDAD CORPORATIVA |
| Nombre de entidad corporativa o nombre de jurisdicción como elemento de entrada |
Galería Germán Krüger Espantoso, |
| Término indicativo de función/relación |
hostinstitution. |
| 9 (RLIN) |
3230 |
| 711 2# - ENTRADA AGREGADA--NOMBRE DE REUNIÓN |
| Nombre de congreso/reunión o jurisdicción como elemento de entrada |
Bienal de Fotografía de Lima |
| Número del congreso/reunión o número de parte o sección |
(2nd : |
| Fecha del congreso o de la firma del tratado |
2014 : |
| Sede del congreso/Lugar de la reunión |
Lima, Peru) |
| 9 (RLIN) |
3231 |
| 906 ## - ELEMENTOS DE DATOS F LOCAL, LDF (RLIN) |
| a |
0 |
| b |
ibc |
| c |
origres |
| d |
3 |
| e |
ncip |
| f |
20 |
| g |
y-gencatlg |